000 01274nam a22003017a 4500
001 EIF-X-2019-M6-007
003 OSt
005 20230102075738.0
008 230102b |||||||| |||| 00| 0 eng d
040 _aFundación Jesús Pereda
_cFundación Jesús Pereda
041 _aCastellano
100 _uIES Abastos, València
_aIbáñez Tarín, Margarita
_9959
111 _aEncuentro de Investigadores del Franquismo
_c(Valencia.
_d2019.
_n10º)
_9102
245 _aVidas cruzadas de unos jóvenes revolucionarios en las cárceles franquistas.
_bÁngel Gaos y los hermanos Uribes y Pellicer
_c/Margarita Ibáñez Tarín
600 0 _91087
_aGaos, Ángel
600 0 _91088
_aUribes, Miguel
600 0 _91089
_aUribes, José Ángel
600 0 _91090
_aUribes, Matías
600 0 _91091
_aUribes, José Antonio
600 0 _91092
_aPellicer, José
600 0 _91093
_aPellicer, Pedro
610 0 _91094
_aConfederación Nacional del Trabajo (CNT)
610 0 _9143
_aPartido Comunista de España (PCE)
650 0 _9597
_aEstablecimientos penitenciarios
773 _tActas del X Encuentro de Investigadores del Franquismo
_g765-780 p.
856 _uhttps://bibliotecaccoocyl.fundacionjesuspereda.es/cgi-bin/koha/opac-retrieve-file.pl?id=cb36c07cc61e27bf928a95f94748c2e8
942 _2ddc
_cCF
_n0
999 _c650
_d650